| 000 | 00373nam a22001457a 4500 | ||
|---|---|---|---|
| 005 | 20231123141454.0 | ||
| 008 | 231123b |||||||| |||| 00| 0 eng d | ||
| 041 | _aEnglish | ||
| 082 | _a341.5 COM | ||
| 100 | _lEnglish | ||
| 245 | _aCommercial Mediation | ||
| 300 |
_b49 pages ; _c31 cm. |
||
| 650 |
_aLegal practice _bLaw |
||
| 942 |
_cBK _6ALISON_BN_VRIES |
||
| 999 |
_c904 _d904 |
||